000 00793nam a2200229 i 4500
001 122743
003 ES-MaACL
005 20230906192032.0
007 t|
008 070214s1933 ec r ||||1| spa d
245 0 3 _aEl proceso Haya de la Torre :
_b(documentos para la historia del ajusticiamiento de un pueblo).
250 _a1ª ed.
260 _aGuayaquil :
_b[s.n.],
_c1933 (
_fImp. de la Reforma)
300 _aLXV, 189 p. :
_bil. ;
_c22 x 15 cm.
490 1 _aPublicaciones del Partido Aprista Peruano
600 1 4 _aHaya de la Torre, Víctor Raúl.
_962183
651 4 _aPerú-
_xHistoria-
_y1919-1968.
_9173363
710 2 _aPartido Aprista Peruano.
_96129
830 1 _aPublicaciones del Partido Aprista Peruano
_9218876
852 _aES-MaACL
_jA-1772
999 _c122743
_d122743